000 03667nas a22003975i 4500
001 2199-4676
003 DE-He213
005 20200203193015.0
007 cr nn 008mamaa
008 150723s||||||||gw uu poo|||||| b|EN |d
022 _a2199-4676
024 7 _a40860
_2local
210 1 0 _aJ Reliable Intell Environ
245 1 0 _aJournal of Reliable Intelligent Environments
_h[electronic resource] /
_cedited by Juan Carlos Augusto, Antonio Coronato.
264 1 _aCham :
_bSpringer International Publishing :
_bImprint: Springer.
300 _bonline resource.
520 _a“Intelligent Environments (IEs)” is growing fast as a multi-disciplinary field allowing many areas of research to have a real beneficial influence in our society. The basic idea behind these systems is that by enriching an environment with technology (sensors, processors, actuators, information terminals, and other devices interconnected through a network), a system can be built such that based on the real-time information gathered and the historical data accumulated, decisions can be taken to benefit the users of that environment. Expected benefits of this technology can be: (a) increasing safety (e.g., by monitoring lifestyle patterns or the latest activities and providing assistance when a possibly harmful situation is developing), (b) comfort (e.g., by adjusting temperature automatically), and (c) economy (e.g., controlling the use of lights). The Journal on Reliable Intelligent Environments focuses on theoretical developments and lessons learnt on the deployment of IEs.  The broad areas represented in the journal reflect the fact that reliability of software systems is the result of a number of approaches combined so an overarching principle of our publication will be to be open and flexible to embrace all type of techniques which can increase confidence in Intelligent Environments systems: selection, installation and calibration of equipment deployment and maintenance problems requirements modeling simulation testing validation formal verification people-centred computing tools pilots design software development process security privacy usability safety performance quality of service large-scale integration scalability adaptiveness and autonomicity.
650 0 _aComputer software
_xReusability.
650 0 _aSoftware engineering.
650 0 _aUser interfaces (Computer systems).
650 0 _aHealth informatics.
650 1 4 _aPerformance and Reliability.
_0http://scigraph.springernature.com/things/product-market-codes/I12077
650 2 4 _aSoftware Engineering/Programming and Operating Systems.
_0http://scigraph.springernature.com/things/product-market-codes/I14002
650 2 4 _aArtificial Intelligence.
_0http://scigraph.springernature.com/things/product-market-codes/I21000
650 2 4 _aSimulation and Modeling .
_0http://scigraph.springernature.com/things/product-market-codes/I19000
650 2 4 _aUser Interfaces and Human Computer Interaction.
_0http://scigraph.springernature.com/things/product-market-codes/I18067
650 2 4 _aHealth Informatics.
_0http://scigraph.springernature.com/things/product-market-codes/I23060
700 1 _aAugusto, Juan Carlos.
_eeditor.
_4edt
_4http://id.loc.gov/vocabulary/relators/edt
700 1 _aCoronato, Antonio.
_eeditor.
_4edt
_4http://id.loc.gov/vocabulary/relators/edt
710 2 _aSpringerLink (Online service)
776 0 8 _iPrinted version:
_x2199-4668
856 4 0 _uhttp://link.springer.com/journal/40860
_zHybrid
999 _c455452
_d455452
942 _cEMG